000
00308pam a2200145 a 4500
020
_c
041
_a
eng
082
_b
JOU
100
_a
Joule JA ,
_e
Mills K .
245
_a
Heterr Cyclic Chemistry
_h
Textual Documents
250
_a
5th.
260
_a
[s.l]:
_b
Wiley
300
_a
689 pg .
930
_a
9322
999
_c
86227
_d
86227